00362nam a2200157Ia 4500008004100000020001800041041000800059082001700067100001500084245001900099250001200118260002200130300000800152365001600160700002800176230718s9999 xx 000 0 und d a9789339205218 aeng a621.815bBLA aBlack P.H. aMachine Design a3rd ed. c2014bMcGraw Hill a678 cRs.b995.00 aBlack P.H. & Adams O.E.